On art,literature and history : (Record no. 140962)

MARC details
000 -LEADER
fixed length control field 00885nam a22002297a 4500
005 - DATE AND TIME OF LATEST TRANSACTION
control field 20180504165432.0
010 ## - LCCN (DPL NO)
LC control number 1718EN-30 B-682086-089
020 ## - INTERNATIONAL STANDARD BOOK NUMBER
International Standard Book Number 9789386050007
Terms of availability 499.00
035 ## - SYSTEM CONTROL NUMBER
System control number B-682086-089
037 ## - SOURCE OF ACQUISITION
Source of stock number/acquisition Pragati
Stock number dpl
037 ## - SOURCE OF ACQUISITION
Source of stock number/acquisition DBAD/PUB
082 ## - DEWEY DECIMAL CLASSIFICATION NUMBER
Classification number 880.8
100 ## - MAIN ENTRY--PERSONAL NAME
Personal name Naguib Mahfouz
245 ## - TITLE STATEMENT
Title On art,literature and history :
Statement of responsibility, etc by Naguib Mahfouz ; transleted by Aran Byrne
Remainder of title the non-fiction writing of Naguib Mahfouz/
260 ## - PUBLICATION, DISTRIBUTION, ETC. (IMPRINT)
Place of publication, distribution, etc New Delhi
Name of publisher, distributor, etc Speaking Tiger
Date of publication, distribution, etc 2016
270 ## - ADDRESS
Address 4381/4,Ansari Road, Daryaganj,
City New Delhi
Postal code 110002
300 ## - PHYSICAL DESCRIPTION
Extent xvii,154p.
Dimensions 23cm(Hb)
505 ## - FORMATTED CONTENTS NOTE
Formatted contents note Volume-1
700 ## - ADDED ENTRY--PERSONAL NAME
Personal name Byrne, Aran
942 ## - ADDED ENTRY ELEMENTS (KOHA)
Source of classification or shelving scheme Dewey Decimal Classification
Item type English Books
Call number suffix NAG
Classification part 880.8
Holdings
Withdrawn status Lost status Not for loan Collection code Home library Current library Date acquired Source of acquisition Cost, normal purchase price Full call number Barcode Copy number Cost, replacement price Koha item type Materials specified (bound volume or other part)
      Non-fiction Ashok Vihar Ashok Vihar 04/05/2018 Pragati/142/27.11.2017/672/20.11.2017/28.11.2017 499.00 880.8 NAG B-682087 1 499.00 English Books Vol.1
      Non-fiction Central Library Central Library 04/05/2018 Pragati/142/27.11.2017/672/20.11.2017/28.11.2017 499.00 880.8 NAG B-682086 1 499.00 English Books Vol.1
      Non-fiction Janak Puri Janak Puri 04/05/2018 Pragati/142/27.11.2017/672/20.11.2017/28.11.2017 499.00 880.8 NAG B-682089 1 499.00 English Books Vol.1
      Non-fiction Patel Nagar Patel Nagar 09/06/2017 DBAD/PUB 499.00 880.8 NAG EN-102141 1 499.00 English Books  
      Non-fiction Patel Nagar Patel Nagar 04/05/2018 Pragati/142/27.11.2017/672/20.11.2017/28.11.2017 499.00 880.8 NAG B-682088 1 499.00 English Books Vol.1

© Delhi Public Library
Hit Counter
free hit counter